00543pab a2200169 454500008004000000100002400040245005500064260000900119300001200128362000800140650002000148700001800168773006700186909001000253999001700263952009300280180718b1999 xxu||||| |||| 00| 0 eng d aMooney, Christopher aMorality policy reinvention: state death penalties c1999 ap.80-92 aNov aPenal sanctions aLe, Mei-Hsien aAnnals of the American Academy of Political and Social Science a43726 c43726d43726 00104070aIIPAbIIPAd2018-07-19hIssue no: (566)pAR44125r2018-07-19w2018-07-19yAR